Picture Gandhi / (Record no. 60545)

MARC details
000 -LEADER
fixed length control field 00526nas a2200169 a 4500
005 - DATE AND TIME OF LATEST TRANSACTION
control field 20120109152725.0
020 ## - INTERNATIONAL STANDARD BOOK NUMBER
International Standard Book Number 9788181463760
Terms of availability 190.00
037 ## - SOURCE OF ACQUISITION
Source of stock number/acquisition PUB
100 ## - MAIN ENTRY--PERSONAL NAME
Personal name Rao, Sandhya
245 ## - TITLE STATEMENT
Title Picture Gandhi /
Statement of responsibility, etc by Sandhya Rao
260 ## - PUBLICATION, DISTRIBUTION, ETC. (IMPRINT)
Name of publisher, distributor, etc Tulika Publishers
Date of publication, distribution, etc 2009
Place of publication, distribution, etc Chennai
270 ## - ADDRESS
Address 13, Prithvi Avenue, Abhiramapuram
City Chennai
Postal code 600018
300 ## - PHYSICAL DESCRIPTION
Extent Unpaged
Other physical details ill.
Dimensions 26cm(pbk)
942 ## - ADDED ENTRY ELEMENTS (KOHA)
Source of classification or shelving scheme Dewey Decimal Classification
Item type Children Books
Call number suffix RAO
Holdings
Withdrawn status Lost status Not for loan Home library Current library Date acquired Cost, normal purchase price Full call number Cost, replacement price Koha item type
    Ordered Andrews Gunj Andrews Gunj 09/01/2012 190.00 RAO 190.00 Children Books

© Delhi Public Library
Hit Counter
free hit counter